[Event "3rd ACP Blitz Octofinal"]
[Site "playchess.com INT"]
[Date "2004.06.05"]
[Round "4"]
[White "Shabalov,A"]
[Black "Macieja,B"]
[Result "1-0"]
[WhiteElo "2624"]
[BlackElo "2633"]

1.e4 c6 2.d4 d5 3.e5 Bf5 4.Nc3 e6 5.g4 Bg6 6.Nge2 c5 7.Be3 cxd4 8.Nxd4 Bb4
9.f4 Be4 10.Bb5+ Nd7 11.O-O Bxc3 12.bxc3 Ne7 13.f5 O-O 14.f6 Ng6 15.fxg7 Kxg7
16.Bxd7 Qxd7 17.Bg5 Rfc8 18.Qd2 Kg8 19.Bf6 Qe8 20.h4 h6 21.h5 Qf8 22.hxg6 Bxg6
23.Kf2  1-0

[Event "CCA/ICC"]
[Site "Stratton Mt USA"]
[Date "2004.06.08"]
[Round "1"]
[White "Ross,D"]
[Black "Shabalov,A"]
[Result "0-1"]
[WhiteElo "2303"]
[BlackElo "2624"]

1.b3 d5 2.Bb2 c5 3.e3 a6 4.Nf3 Nc6 5.d4 cxd4 6.Nxd4 Nf6 7.Be2 Qa5+ 8.c3 e5
9.Nxc6 bxc6 10.O-O Bd6 11.c4 O-O 12.Qd2 Qc7 13.cxd5 cxd5 14.Rc1 Qe7 15.Qa5 Bb7
16.Qe1 d4 17.Nd2 Rfe8 18.a3 Rad8 19.b4 Bb8 20.Bc4 d3 21.f3 Ba7 22.Kh1 Nh5
23.Bb3 Kh8 24.Ba4 Rf8 25.Rd1 Qg5 26.Nf1 Rd6 27.Rac1 Rg6 28.Qf2 e4 29.f4 Qg4
30.Rd2 Nxf4 31.Rc5 Bxc5 32.bxc5 Ne2 33.h3 Qh5  0-1

[Event "National Open"]
[Site "Las Vegas USA"]
[Date "2004.06.18"]
[Round "1"]
[White "Shabalov,A"]
[Black "Gross,RJ"]
[Result "1-0"]
[WhiteElo "2624"]
[BlackElo "2198"]

1.e4 e5 2.Nf3 Nf6 3.d4 Nxe4 4.dxe5 d5 5.Nbd2 Be7 6.Nxe4 dxe4 7.Qxd8+ Bxd8
8.Nd4 O-O 9.Bf4 Nc6 10.Nxc6 bxc6 11.O-O-O Be6 12.Rd4 f5 13.exf6 Bxf6 14.Rxe4 Bd5
15.Bc4 Kh8 16.Bxd5 cxd5 17.Ra4 Rab8 18.b3 Rb7 19.Re1 Kg8 20.Re6 c5 21.Be3 Rc8
22.Rea6 Rcc7 23.R4a5 Be7 24.b4 Rxb4 25.Rxa7 Rxa7 26.Rxa7 Bd6 27.Rd7 Rb6 28.c3 Ra6
29.Kb2 Rb6+ 30.Kc2 Ra6 31.Kb3 Rb6+ 32.Ka4 Bxh2 33.Bxc5 Rg6 34.g3 Rg5 35.Bd4  1-0

[Event "National Open"]
[Site "Las Vegas USA"]
[Date "2004.06.18"]
[Round "2"]
[White "Hernandez,Alb"]
[Black "Shabalov,A"]
[Result "0-1"]
[WhiteElo "2310"]
[BlackElo "2624"]

1.e4 c5 2.b3 b6 3.Bb2 Bb7 4.Nc3 Nc6 5.f4 e6 6.Nf3 Nd4 7.Be2 f5 8.O-O fxe4
9.Nxd4 cxd4 10.Nb5 Nf6 11.Bxd4 Be7 12.Bh5+ g6 13.f5 exf5 14.Rxf5 O-O 15.Bxg6 hxg6
16.Rg5 Kh7 17.Qe2 Ng8 18.Rg3 Bf6 19.Be3 Be5 20.Rxg6 Kxg6 21.Qg4+ Kh7 22.Qh5+ Nh6
23.Qxh6+ Kg8 24.Qg6+ Bg7 25.Bd4 Rf6 26.Qg4 Qe7 27.Bxf6 Qxf6 28.Rf1 Qe6 29.Qg5 Qc6
30.Kh1 Qc5 31.Rf5 Qxc2 32.h4 e3 33.Qg6 Qxf5 34.Qxf5 e2 35.Qb1 Rf8 36.Kg1 Ba6
37.a4 Bxb5 38.axb5 Rf1+  0-1

[Event "Liepajas Rokade"]
[Site "Liepaya LAT"]
[Date "2004.07.30"]
[Round "3"]
[White "Shabalov,A"]
[Black "Stefansson,H"]
[Result "0-1"]
[WhiteElo "2605"]
[BlackElo "2549"]

1.e4 e5 2.Nf3 Nc6 3.Bb5 a6 4.Ba4 Nf6 5.O-O Be7 6.Re1 b5 7.Bb3 d6 8.c3 O-O
9.h3 Re8 10.d4 Bf8 11.Nbd2 h6 12.a3 Nb8 13.Ba2 Nbd7 14.b4 Bb7 15.d5 c6 16.c4 Rc8
17.Bb2 bxc4 18.dxc6 Bxc6 19.Bxc4 Bb5 20.Bb3 Qb6 21.a4 Bc6 22.Nc4 Qb8 23.Na5 Ba8
24.Nd2 d5 25.b5 dxe4 26.Nxe4 Bxe4 27.Rxe4 Nxe4 28.Qxd7 Re7 29.Qd5 Qb6 30.Qxe4 Qxa5
31.Qf5 Rd8 32.Bxe5 axb5 33.f4 bxa4 34.Ba2 Qb6+  0-1

[Event "Liepajas Rokade"]
[Site "Liepaya LAT"]
[Date "2004.07.31"]
[Round "5"]
[White "Sveshnikov,V"]
[Black "Shabalov,A"]
[Result "0-1"]
[WhiteElo "2186"]
[BlackElo "2605"]

1.e4 Nf6 2.e5 Nd5 3.c4 Nb6 4.c5 Nd5 5.Nc3 e6 6.d4 b6 7.Nxd5 exd5 8.Be3 bxc5
9.dxc5 c6 10.Qd2 Be7 11.Nf3 O-O 12.Bd3 Ba6 13.O-O Bxd3 14.Qxd3 a5 15.Rac1 Na6
16.Bd4 Nc7 17.g3 Qb8 18.h4 Qb5 19.Qe3 Ne6 20.h5 h6 21.Rc2 Rab8 22.Kg2 Qa4
23.b3 Qb4 24.Rfc1 Bg5 25.Qd3 Bxc1 26.Rxc1 a4 27.bxa4 Qxa4 28.Rd1 Qxa2 29.Qf5 Rb3
30.g4 Qe2  0-1

[Event "113th NY Masters"]
[Site "New York USA"]
[Date "2004.08.17"]
[Round "1"]
[White "Sarkar,J"]
[Black "Shabalov,A"]
[Result "0-1"]
[WhiteElo "2408"]
[BlackElo "2605"]

1.d4 d5 2.c4 c6 3.cxd5 cxd5 4.Bg5 Qb6 5.Nc3 e6 6.Qd2 h6 7.Bh4 Ne7 8.f3 Nf5
9.Bf2 Nc6 10.e3 Bb4 11.Bd3 Na5 12.Nge2 Nd6 13.O-O O-O 14.b3 Bd7 15.Qb2 Nb5
16.Na4 Qd6 17.Nc5 Bc6 18.a4 Nc7 19.Rfc1 Rfc8 20.Be1 Bxe1 21.Rxe1 b6 22.Na6 Bb7
23.Nxc7 Rxc7 24.Rac1 Rxc1 25.Rxc1 Qb4 26.Rc3 Rc8 27.Bc2 Nc4 28.Qc1 Nd6 29.Rxc8+ Bxc8
30.Kf2 Ba6 31.Qe1 Qa3 32.Qc1 Qb4 33.Qe1 Qxe1+ 34.Kxe1 Bxe2 35.Kxe2 a5 36.e4 dxe4
37.fxe4 f6 38.Ke3 e5 39.dxe5 fxe5 40.Bd3 Kf7 41.Ba6 Ke7 42.h4 Kd7 43.Be2 Kc6
44.g4 g5 45.hxg5 hxg5 46.Kd3 Kc5 47.Bf3 Kb4 48.Kc2 Nb7  0-1

[Event "35th Atlantic Open"]
[Site "Washington DC USA"]
[Date "2004.08.27"]
[Round "1"]
[White "Lu Yu Zhong"]
[Black "Shabalov,A"]
[Result "0-1"]
[WhiteElo "2076"]
[BlackElo "2605"]

1.d4 d5 2.c4 c6 3.Nc3 Nf6 4.cxd5 cxd5 5.Nf3 Nc6 6.Qb3 g6 7.Bg5 Na5 8.Qd1 Bg7
9.e3 O-O 10.Bd3 a6 11.O-O b5 12.Qe2 Bb7 13.Nd2 Rc8 14.f4 Nc4 15.Nb3 Bc6 16.Rac1 b4
17.Nb1 Bb5 18.N1d2 Nxb2 19.Bxb5 axb5 20.Qxb5 Rc3 21.Rxc3 bxc3 22.Nc5 Ng4
23.f5 cxd2 24.Qxb2 Qc7 25.Bf4 Qxc5 26.h3 Qc4 27.hxg4 Qxf1+  0-1

[Event "35th Atlantic Open"]
[Site "Washington DC USA"]
[Date "2004.08.27"]
[Round "2"]
[White "Shabalov,A"]
[Black "Privman,B"]
[Result "1-0"]
[WhiteElo "2605"]
[BlackElo "2275"]

1.e4 e6 2.d4 d5 3.e5 c5 4.c3 Qb6 5.Nf3 Bd7 6.Bd3 Bb5 7.dxc5 Bxc5 8.b4 Bxd3
9.Qxd3 Bf8 10.O-O Nd7 11.Na3 a6 12.c4 Ne7 13.Bd2 g6 14.Rfe1 h6 15.Rac1 Bg7
16.cxd5 exd5 17.Be3 Qxb4 18.Bd2 Qg4 19.Rc7 O-O 20.e6  1-0

[Event "CCA-ICC Open"]
[Site "Lake George USA"]
[Date "2005.05.13"]
[Round "4"]
[White "Epishin,V"]
[Black "Shabalov,A"]
[Result "1/2-1/2"]
[WhiteElo "2605"]
[BlackElo "2593"]

1.d4 e6 2.c4 b6 3.e4 Bb7 4.Bd3 Nc6 5.Nf3 Nb4 6.O-O Nxd3 7.Qxd3 Ne7 8.Re1 Ng6
9.Nc3 Be7 10.Be3 O-O 11.Rad1 d6 12.Qc2 Qd7 13.d5 Rae8  1/2-1/2

[Event "CCA-ICC Open"]
[Site "Lake George USA"]
[Date "2005.05.14"]
[Round "6"]
[White "Shabalov,A"]
[Black "Mikhalevski,V"]
[Result "1-0"]
[WhiteElo "2593"]
[BlackElo "2572"]

1.e4 e5 2.Nf3 Nc6 3.Bb5 a6 4.Ba4 Nf6 5.O-O Nxe4 6.d4 b5 7.Bb3 d5 8.dxe5 Be6
9.Be3 Be7 10.c3 O-O 11.Nbd2 Kh8 12.Bc2 f5 13.exf6 Nxf6 14.Ng5 Bg8 15.Nb3 Ne5
16.Bd4 Nfd7 17.Nxh7 Rf4 18.Nf8 Rh4 19.Nxd7 Nxd7 20.g3 Rh6 21.Be3 Bg5 22.f4 Be7
23.Nd4 Bh7 24.Bxh7 Rxh7 25.Nc6 Qe8 26.Qxd5 Ba3 27.Bd4 Bxb2 28.Rae1 Qh5 29.Qg2 Ba3
30.Ne5 Nf8 31.f5 Rc8 32.f6 gxf6 33.Rxf6 c5 34.Nf7+ Kg7 35.Be5 Re8 36.Rf5+ Rxe5
37.Rexe5 Qd1+ 38.Rf1 Qd3 39.Ng5 Nd7  1-0

[Event "HB Global CC"]
[Site "Minneapolis USA"]
[Date "2005.05.19"]
[Round "3"]
[White "Taylor,T"]
[Black "Shabalov,A"]
[Result "0-1"]
[WhiteElo "2297"]
[BlackElo "2593"]

1.f4 d5 2.Nf3 c5 3.e3 a6 4.Be2 Nc6 5.d3 g6 6.O-O Bg7 7.Nc3 e6 8.e4 Nge7 9.Qe1 O-O
10.Qh4 Nd4 11.Bd1 b5 12.f5 exf5 13.Bh6 Ne6 14.Bxg7 Kxg7 15.Qg3 f4 16.Qh4 h6
17.Ne2 g5 18.Qh5 dxe4 19.dxe4 Bb7 20.g3 Ng6 21.e5 c4 22.gxf4 Nexf4 23.Nxf4 Nxf4
24.Qg4 Qb6+ 25.Rf2 Bc8  0-1

[Event "HB Global CC"]
[Site "Minneapolis USA"]
[Date "2005.05.20"]
[Round "4"]
[White "Shabalov,A"]
[Black "Howell,D"]
[Result "1/2-1/2"]
[WhiteElo "2593"]
[BlackElo "2416"]

1.e4 e5 2.Nf3 Nc6 3.Bb5 a6 4.Ba4 Nf6 5.O-O Be7 6.Re1 b5 7.Bb3 O-O 8.d4 d6
9.c3 Bg4 10.Be3 exd4 11.cxd4 d5 12.e5 Ne4 13.h3 Bh5 14.Nc3 Nxc3 15.bxc3 Na5
16.Bc2 Nc4 17.Bf4 Ba3 18.Rb1 f5 19.Qd3 c6 20.Ng5 Qe8 21.e6 Ra7 22.Qg3 h6
23.Nf3 Bxf3 24.Qxf3 Re7 25.g4 Rxe6 26.Kf1 fxg4 27.Qxg4 Rxe1+ 28.Rxe1 Qf7
29.Bg3 Bd6 30.Bg6 Qf3 31.Qxf3 Rxf3 32.Re8+ Rf8 33.Bxd6 Nxd6 34.Bh7+  1/2-1/2

[Event "HB Global CC"]
[Site "Minneapolis USA"]
[Date "2005.05.22"]
[Round "8"]
[White "Shabalov,A"]
[Black "Kustar,S"]
[Result "1-0"]
[WhiteElo "2593"]
[BlackElo "2379"]

1.e4 c5 2.Nf3 e6 3.d4 cxd4 4.Nxd4 a6 5.c4 Nf6 6.Nc3 Qc7 7.a3 d6 8.Be3 Nbd7
9.Rc1 b6 10.Be2 Bb7 11.f3 Be7 12.O-O O-O 13.b4 Rac8 14.Qd2 Rfe8 15.Rc2 Qb8
16.Kh1 Ne5 17.Na4 Bd8 18.Nb2 Kh8 19.a4 Rg8 20.Qc1 Bc7 21.Nd1 Ned7 22.Nf2 Ne5
23.Qa1 Rge8 24.a5 bxa5 25.c5 Nc6 26.Nxc6 Bxc6 27.Bxa6 Bb5 28.Bxc8 Bxf1 29.Qxf1 Rxc8
30.cxd6 Bxd6 31.Ba7 Qb7 32.Rxc8+ Qxc8 33.bxa5 Nd7 34.g3 Kg8 35.Qb5 Kf8 36.Be3 Nc5
37.e5 Be7 38.Bxc5 Bxc5 39.Qc4  1-0

[Event "HB Global CC"]
[Site "Minneapolis USA"]
[Date "2005.05.22"]
[Round "9"]
[White "Kraai,J"]
[Black "Shabalov,A"]
[Result "0-1"]
[WhiteElo "2416"]
[BlackElo "2593"]

1.Nf3 c5 2.c4 g6 3.e4 Bg7 4.d4 d6 5.Nc3 Bg4 6.d5 Bxc3+ 7.bxc3 Qa5 8.Qc2 Nf6
9.e5 Nfd7 10.exd6 Bxf3 11.gxf3 exd6 12.Rb1 O-O 13.Rxb7 Re8+ 14.Kd1 Qa6 15.Qb3 Nb6
16.Qb5 Qxb5 17.cxb5 N8d7 18.h4 Ne5 19.h5 Reb8 20.Rxb8+ Rxb8 21.Kc2 Nxd5 22.hxg6 hxg6
23.f4 Ng4 24.c4 Nxf2 25.Rh2 Ng4 26.Rh3 Nb4+ 27.Kd2 Nf2 28.Re3 Nxa2 29.Bb2 Nb4
30.Bc3 Kf8 31.Bg2 Rd8 32.Bxb4 cxb4 33.Rb3 Re8 34.Rxb4 Ne4+ 35.Kd3 Nc5+ 36.Kd4 Re2
37.Bd5 Rf2 38.Rb1 Rxf4+ 39.Kc3 Ne4+ 40.Kd3 Nf6 41.Ba8 Nd7 42.Ra1 Ne5+ 43.Ke3 Rxc4
44.Rxa7 Rb4 45.Bc6 Nxc6 46.bxc6 Rc4 47.c7 Kg7  0-1

[Event "Canadian Open"]
[Site "Edmonton CAN"]
[Date "2005.07.15"]
[Round "7"]
[White "Shabalov,A"]
[Black "Ganguly,S"]
[Result "1-0"]
[WhiteElo "2593"]
[BlackElo "2596"]

1.e4 e5 2.Nf3 Nc6 3.Bb5 a6 4.Ba4 Nf6 5.O-O b5 6.Bb3 Bc5 7.a4 Rb8 8.c3 d6
9.d4 Bb6 10.axb5 axb5 11.Qd3 O-O 12.Bg5 h6 13.Bxf6 Qxf6 14.Qxb5 Na5 15.Bd5 Bg4
16.dxe5 dxe5 17.Nxe5 Be6 18.Nd7 Bxd7 19.Qxd7 Rfd8 20.Qg4 c6 21.Ba2 Ra8 22.Na3 Rd2
23.e5 Rxf2 24.exf6 Rf4+ 25.Kh1 Rxg4 26.h3 Rg6 27.fxg7 Rxg7 28.Rf6 Re8 29.b4 Bd8
30.Rd6 Bc7 31.Rd7 Re2 32.g4 Rh2+ 33.Kg1 Rxh3 34.Rxc7 Rxg4+ 35.Kf2 Rf4+ 36.Ke2 Rxc3
37.bxa5  1-0

[Event "National Chess Congress"]
[Site "Philadelphia USA"]
[Date "2005.11.24"]
[Round "1"]
[White "Shabalov,A"]
[Black "Rouleau,J"]
[Result "1/2-1/2"]
[WhiteElo "2581"]
[BlackElo "2264"]

1.e4 e6 2.d4 d5 3.e5 c5 4.c3 Nc6 5.Nf3 Qb6 6.a3 Nh6 7.b4 cxd4 8.cxd4 Nf5
9.Bb2 Be7 10.h4 a5 11.b5 a4 12.g4 Nh6 13.Rg1 Na5 14.Qxa4 Bd7 15.Nbd2 O-O
16.Rc1 Nc4 17.Nxc4 dxc4 18.Qxc4 Rfc8 19.Qb3 Rxc1+ 20.Bxc1 Bc6 21.Be2 Bxf3
22.Qxf3 Qxd4 23.Qxb7 Qc3+ 24.Bd2 Qxa3 25.Rg3 Qa1+ 26.Bd1 Bxh4 27.Rc3 Rd8
28.Qe4 Bxf2+ 29.Ke2 Bb6 30.Bc2 Qg1 31.Bd3 Qxg4+ 32.Qxg4 Nxg4 33.Rc6 Rb8 34.Bc3 h5
35.Kf3 g5 36.Be2 Nh6 37.Bd3 Nf5 38.Bxf5 exf5 39.e6 Bd8 40.b6 fxe6 41.Be5 Rxb6
42.Rc8 Rb3+ 43.Kf2 Kf7 44.Rxd8 f4 45.Rh8 Re3 46.Bd4 Rd3 47.Ba1 Ra3 48.Be5 Kg6
49.Rf8 h4 50.Rf6+ Kh5 51.Rxe6 Kg4 52.Rc6 Ra2+ 53.Kg1 h3 54.Rc3 Re2 55.Bd4 Rg2+
56.Kh1 Rd2 57.Bb6 Kh4 58.Bc7 Rg2 59.Bd8 Rg3 60.Rxg3 fxg3 61.Bc7 Kg4 62.Kg1 Kf3
63.Bb8 g4 64.Bc7 g2  1/2-1/2

[Event "ch-USA GpB"]
[Site "San Diego USA"]
[Date "2006.03.05"]
[Round "3"]
[White "Shabalov,A"]
[Black "Milman,L"]
[Result "1-0"]
[WhiteElo "2595"]
[BlackElo "2478"]

1.e4 e5 2.Nf3 Nc6 3.Bb5 a6 4.Ba4 Nf6 5.O-O Nxe4 6.d4 b5 7.Bb3 d5 8.dxe5 Be6
9.Nbd2 Be7 10.Nxe4 dxe4 11.Bxe6 fxe6 12.Ng5 Qxd1 13.Rxd1 Bxg5 14.Bxg5 Rf8
15.a4 b4 16.Bh4 Rf5 17.Bg3 h5 18.h4 g6 19.Rd2 e3 20.fxe3 Rd8 21.Rxd8+ Kxd8
22.b3 Ke8 23.c3 bxc3 24.Rc1 Kd7 25.Rxc3 Rf8 26.Rd3+ Ke7 27.Bf4 Rb8 28.Kf2 Na5
29.Bg5+ Ke8 30.Kf3 Nxb3 31.Bf6 Na5 32.Kf4 Rb4+ 33.Kg5 Rg4+ 34.Kh6 Nc6 35.Rd2 Ne7
36.a5 c5 37.Bxe7 Kxe7 38.Rd6 c4 39.Rxa6 Kd7 40.Rd6+ Kc7 41.a6 Rxg2 42.a7 Ra2
43.Rd4 Rxa7 44.Rxc4+ Kd7 45.Kxg6 Ke7 46.Rb4 Rc7 47.Ra4 Rb7 48.Ra5 Rb3 49.Ra7+ Kd8
50.Kf6 Rxe3 51.Rh7  1-0

[Event "Foxwoods Open"]
[Site "Ledyards USA"]
[Date "2006.04.12"]
[Round "1"]
[White "Santalla,A"]
[Black "Shabalov,A"]
[Result "0-1"]
[WhiteElo "2075"]
[BlackElo "2605"]

1.e4 c5 2.Nc3 e6 3.d3 Nc6 4.g3 g6 5.Bg2 Bg7 6.Be3 d6 7.Qd2 Rb8 8.Nge2 b5
9.O-O b4 10.Nd1 Nge7 11.Bh6 O-O 12.Bxg7 Kxg7 13.Ne3 e5 14.g4 Nd4 15.f4 Nxe2+
16.Qxe2 exf4 17.Rxf4 g5 18.Rf2 Ng6 19.Nf5+ Kh8 20.Qe3 f6 21.d4 Qb6 22.Rd1 Bxf5
23.Rxf5 cxd4 24.Qxd4 Ne5 25.h3 Kg7 26.Rf2 Qxd4 27.Rxd4 Rb6 28.Rfd2 Rc8 29.b3 Rcc6
30.Kf2 Kf7 31.Bf1 Ke7 32.Rd5 Rc7 33.a3 bxa3 34.Ra5 Rb4 35.Ke3 Rc3+ 36.Bd3 Rb7
37.Rxa3 Nc4+  0-1

[Event "Foxwoods Open"]
[Site "Ledyards USA"]
[Date "2006.04.13"]
[Round "2"]
[White "Shabalov,A"]
[Black "Enhbat,T"]
[Result "1-0"]
[WhiteElo "2605"]
[BlackElo "2383"]

1.e4 c6 2.d4 d5 3.e5 Bf5 4.Be3 e6 5.Nd2 Nd7 6.Ngf3 Bg6 7.Be2 Qb6 8.Nb3 Ne7
9.O-O Nf5 10.Bd2 Qd8 11.Na5 Rb8 12.b4 Be7 13.h3 O-O 14.a4 Qc7 15.c4 dxc4
16.Nxc4 Nb6 17.Rc1 Nxc4 18.Rxc4 Qd7 19.Qc1 Bd8 20.Rd1 Ne7 21.Qb2 Nd5 22.Qb3 Be7
23.Rcc1 Rbc8 24.b5 h6 25.a5 c5 26.Bc4 Rfd8 27.dxc5 Bxc5 28.Bf4 Be4 29.Bg3 Qe8
30.Nd2 Bg6 31.Be2 Ne7 32.Nc4 Rxd1+ 33.Rxd1 Nd5 34.Bf3 Qd8 35.Kh2 Be7 36.Ne3 Qxa5
37.Nxd5 exd5 38.Qxd5 Rd8 39.Qxb7 Rxd1 40.Bxd1 Qd8 41.Bb3 Bd3 42.Bd5 Kf8 43.Bc6 Bc5
44.Bd5 Qe8 45.Bc6 Qd8 46.Bd7 Be4 47.Qxe4 Qxd7 48.Qh7 Qxb5 49.Qh8+ Ke7 50.Qxg7 Qb6
51.Bh4+ Ke8 52.Qg8+ Bf8 53.Qg4 Be7 54.Qc8+ Qd8 55.Qc6+ Qd7 56.Qxh6 Bxh4 57.Qxh4 a5
58.Qh8+ Ke7 59.Qf6+ Ke8 60.h4 a4 61.h5 Qg4 62.h6 a3 63.Qc6+ Ke7 64.Qb7+ Kd8
65.Qa8+ Kc7 66.Qxa3 Qf4+ 67.Kg1 Qxh6 68.Qe7+  1-0

[Event "Curacao Chess Festival"]
[Site "Willemstad CUR"]
[Date "2006.07.28"]
[Round "7"]
[White "Werle,J"]
[Black "Shabalov,A"]
[Result "1-0"]
[WhiteElo "2531"]
[BlackElo "2604"]

1.Nf3 d5 2.d4 Nf6 3.c4 c6 4.Nc3 e6 5.Bg5 dxc4 6.e4 b5 7.e5 h6 8.Bh4 g5 9.Nxg5 hxg5
10.Bxg5 Nbd7 11.g3 Bb7 12.Bg2 Qc7 13.exf6 c5 14.O-O Bxg2 15.Kxg2 Qb7+ 16.f3 O-O-O
17.dxc5 Nxc5 18.Qe2 Nd3 19.Rad1 Bc5 20.Ne4 Bb6 21.b3 Qd5 22.bxc4 bxc4 23.Be3 Rh5
24.Rb1 Qc6 25.Rfd1 Re5 26.Bg1 Rdd5 27.h4 Ra5 28.Rd2 Ra3 29.Rc2 Kb7 30.Bxb6 axb6
31.Qe3 b5 32.Rb3 Qa6 33.Qd4 Rd5 34.Qxc4 Ne1+ 35.Kh3 Nxc2 36.Qxc2 Rxb3 37.Qxb3 Qc6
38.a4 Qc4 39.Qxb5+ Rxb5 40.Nd6+ Kc6 41.Nxc4 Rc5 42.Nd2 Kd5 43.Kg4 Rc8 44.Kf4 Ra8
45.Ne4 Rxa4 46.g4 Ra3 47.g5 e5+ 48.Kg4 Ke6 49.h5 Ra1 50.Nc5+ Kd6 51.g6  1-0

[Event "Curacao Chess Festival"]
[Site "Willemstad CUR"]
[Date "2006.07.30"]
[Round "9"]
[White "Zatonskih,A"]
[Black "Shabalov,A"]
[Result "0-1"]
[WhiteElo "2432"]
[BlackElo "2604"]

1.d4 c5 2.d5 f5 3.Nc3 Nf6 4.Qd3 g6 5.Bg5 Bg7 6.f3 Qb6 7.O-O-O d6 8.Nh3 Nbd7
9.e3 Ne5 10.Qb5+ Qxb5 11.Nxb5 Kf7 12.Bf4 Ne8 13.Be2 h6 14.Nf2 a6 15.Nc3 b5
16.e4 Bd7 17.Nb1 a5 18.Bd2 Kf8 19.f4 Nf7 20.Bc3 Nc7 21.Bf3 a4 22.Bxg7+ Kxg7
23.e5 Be8 24.e6 Nd8 25.h3 Nb7 26.Rdg1 a3 27.b3 h5 28.c3 h4 29.Nd1 Na5 30.Nd2 Kf6
31.Ne3 g5 32.fxg5+ Kxg5 33.Rf1 Bg6 34.Rf2 Raf8 35.Nc2 b4 36.c4 Ne8 37.Rhf1 Ng7
38.Be2 Bh5 39.Bd3 Kf6 40.Rf4 Bg6 41.Be2 Bh5 42.Bd3 Bg6 43.R4f2 Bh5 44.Ne1 Kg6
45.Rf4 Kg5 46.R4f2 Kg6 47.Bc2 Kg5 48.Nd3 Nb7 49.Nf4 Be8 50.Bd1 Rfg8 51.Rg1 Kf6
52.Rgf1 Kg5 53.Kc2 Na5 54.Kd3 Nb7 55.Ke3 Na5 56.Bc2 Nb7 57.Ne2 Bh5 58.Ng1 Bg6
59.Ndf3+ Kf6 60.Kd2 Nh5 61.Ne2 Ng3 62.Re1 Bh5 63.Nxg3 hxg3 64.Rff1 f4 65.Ng1 Kg5
66.Bd1 Bg6 67.Bg4 Na5 68.Nf3+ Kf6 69.Re2 Nb7 70.Ne1 Kg5 71.Kc1 Na5 72.Bf3 Ra8
73.Be4 Nxb3+ 74.Kd1 Bh5 75.h4+ Kh6 76.Bf3 Na5  0-1

[Event "107th Annual US Open"]
[Site "Chicago USA"]
[Date "2006.08.08"]
[Round "4"]
[White "Cheng,X"]
[Black "Shabalov,A"]
[Result "0-1"]
[WhiteElo "2271"]
[BlackElo "2604"]

1.e4 c5 2.Nf3 Nc6 3.d4 cxd4 4.Nxd4 Nf6 5.Nc3 e5 6.Ndb5 d6 7.Bg5 a6 8.Na3 b5
9.Bxf6 gxf6 10.Nd5 f5 11.Bd3 Be6 12.Qh5 Rg8 13.g3 Rc8 14.c3 Rg6 15.Nc2 fxe4
16.Bxe4 Bg4 17.Qh4 Qxh4 18.gxh4 f5 19.h5 Rg7 20.Nce3 fxe4 21.Nxg4 Kf7 22.Ngf6 Ke6
23.O-O-O Ne7 24.Nxe7 Bxe7 25.Nxe4 d5 26.Ng3 Rf7 27.Rhf1 b4 28.Kc2 bxc3 29.bxc3 Bb4
30.Ne2 Bxc3 31.Nxc3 d4 32.Rd3 Rfc7 33.Kb2 Rxc3 34.Rd2 Kd5 35.Rfd1 Rf8 36.Rg1 Rcf3
37.Rg2 R8f5 38.h6 Rf6 39.Rg7 Rxf2 40.Rxf2 Rxf2+ 41.Kb3 Rxh2 42.Rxh7 Ke4 43.Rh8 Kd3
44.Re8 e4 45.Re6 e3 46.Rxa6 e2 47.Re6 Rxh6  0-1

[Event "107th Annual US Open"]
[Site "Chicago USA"]
[Date "2006.08.09"]
[Round "5"]
[White "Shabalov,A"]
[Black "Cordova,Em"]
[Result "1/2-1/2"]
[WhiteElo "2604"]
[BlackElo "2434"]

1.e4 c5 2.Na3 Nc6 3.Bb5 d5 4.Qe2 dxe4 5.Bxc6+ bxc6 6.Qxe4 Qd5 7.f3 Nf6 8.Qa4 e5
9.Ne2 Be7 10.d3 O-O 11.Nc4 Bd7 12.b3 Nh5 13.O-O g5 14.Bb2 f6 15.Rae1 Be6
16.Nc3 Qd7 17.Ne4 h6 18.Qa5 Bxc4 19.bxc4 Nf4 20.Kh1 Ne6 21.Ba3 Qd8 22.Qa4 Qc7
23.Ng3 f5 24.c3 Bd6 25.Qc2 Ng7 26.Rf2 Rad8 27.Nf1 h5 28.Bb2 Be7 29.Rfe2 Bf6
30.Ba3 Qa5 31.Bc1 Rd7 32.Nd2 Qd8 33.Nb3 Rxd3 34.Nxc5 e4 35.fxe4 Rxc3 36.Qa4 Qd4
37.e5 Be7 38.Bb2 Bxc5 39.Qa5 Qxc4 40.Qxc3 Qxc3 41.Bxc3 Ne6 42.g3 Kf7 43.Rc1 f4
44.gxf4 gxf4 45.Be1 f3 46.Rec2 Be3 47.Bd2 Bb6 48.Rxc6 Rg8 49.Rf1 f2 50.Rxb6 Rg1+
51.Rxg1 fxg1=Q+ 52.Kxg1 axb6 53.Kf2 Kg6 54.Ke3 Kf5 55.Bc3 h4 56.Be1 h3 57.Kf3 Ng5+
58.Kg3 Kxe5 59.Kg4 Ne4 60.Kxh3 Kf5 61.Kg2 Kf4 62.Bb4 b5 63.Ba5 Nc5 64.Bc7+ Kg4
65.a3 Nd3 66.Bd6 Ne1+ 67.Kf2 Nc2  1/2-1/2

[Event "107th Annual US Open"]
[Site "Chicago USA"]
[Date "2006.08.10"]
[Round "6"]
[White "Kleiman,J"]
[Black "Shabalov,A"]
[Result "0-1"]
[WhiteElo "2271"]
[BlackElo "2604"]

1.e4 c5 2.Nf3 Nc6 3.d4 cxd4 4.Nxd4 Nf6 5.Nc3 e5 6.Ndb5 d6 7.Bg5 a6 8.Na3 b5
9.Nd5 Be7 10.Bxf6 Bxf6 11.c4 b4 12.Nc2 a5 13.Be2 O-O 14.O-O g6 15.Qd3 Bg7
16.Rfd1 Bb7 17.a3 bxa3 18.Qxa3 Rb8 19.Rab1 Ba8 20.Bf3 f5 21.Qd3 Kh8 22.b4 axb4
23.Ndxb4 Nxb4 24.Rxb4 Rxb4 25.Nxb4 fxe4 26.Bxe4 Qb6 27.Bxa8 Qxf2+ 28.Kh1 Rxa8
29.Qf3 Qxf3 30.gxf3 Bf8 31.Rd2 Kg7 32.Nd5 Kf7 33.Kg2 Ra4 34.Rc2 Ke6 35.Kf2 Bh6
36.Kg3 Bg5 37.Kg2 Ra1 38.Nc3 Be3 39.Ne4 Rg1+ 40.Kh3 Rf1 41.Kg2 Rg1+ 42.Kh3 Bc5
43.Ng3 Kf6 44.Kh4 Rd1 45.Rc3 Rd4+ 46.Kh3 Kg5 47.Kg2 Rd2+ 48.Kh3 Kf4 49.Ne4 Rb2
50.Nf6 Bg1 51.Nd5+ Kg5  0-1

[Event "107th Annual US Open"]
[Site "Chicago USA"]
[Date "2006.08.11"]
[Round "7"]
[White "Shabalov,A"]
[Black "Kacheishvili,G"]
[Result "1-0"]
[WhiteElo "2604"]
[BlackElo "2589"]

1.e4 c6 2.d4 d5 3.e5 Bf5 4.Be3 e6 5.Nd2 Nd7 6.Be2 Ne7 7.Ngf3 Qb6 8.O-O Qxb2
9.Rb1 Qxa2 10.Rxb7 Nc8 11.c4 dxc4 12.Bxc4 Qa3 13.d5 exd5 14.Nd4 Nc5 15.Nb5 cxb5
16.Bxb5+ Bd7 17.Bxc5 Bxc5 18.Bxd7+ Kf8 19.Bxc8 Rxc8 20.Ne4 Rd8 21.Nxc5 Qxc5
22.Qf3 f6 23.Qh5  1-0

[Event "38th Atlantic Open"]
[Site "Washington DC USA"]
[Date "2006.08.25"]
[Round "1"]
[White "Samuelson,A"]
[Black "Shabalov,A"]
[Result "0-1"]
[WhiteElo "2194"]
[BlackElo "2604"]

1.e4 c5 2.Nf3 Nc6 3.d4 cxd4 4.Nxd4 Nf6 5.Nc3 e5 6.Ndb5 d6 7.Bg5 a6 8.Na3 b5
9.Nd5 Be7 10.Bxf6 Bxf6 11.c3 O-O 12.Nc2 Bg5 13.a4 bxa4 14.Rxa4 a5 15.Bc4 Bd7
16.Ra2 a4 17.O-O Na5 18.Bd3 Nb3 19.Nce3 Nc5 20.Bc2 Be6 21.Nc4 Ra6 22.Qe2 Qb8
23.Qh5 h6 24.Rfa1 Qb5 25.Na3 Qb7 26.c4 Nb3 27.Rd1 Nd4 28.Rxd4 exd4 29.f4 Bxd5
30.fxg5 Bxe4 31.gxh6 Bg6 32.Bxg6 fxg6 33.Qxg6 d5 34.Qxg7+ Qxg7 35.hxg7 Rc8
36.cxd5 d3 37.Kf2 Re8 38.Nc4 Re2+ 39.Kf3 Rf6+ 40.Kg3 d2 41.Nxd2 Rxd2 42.Rxa4 Rxd5
43.Rg4 Rb5 44.h4 Rf7 45.b4 Rxg7  0-1

[Event "38th Atlantic Open"]
[Site "Washington DC USA"]
[Date "2006.08.26"]
[Round "3"]
[White "Adu,O"]
[Black "Shabalov,A"]
[Result "0-1"]
[WhiteElo "2278"]
[BlackElo "2604"]

1.Nf3 Nf6 2.g3 d5 3.Bg2 c5 4.O-O Nc6 5.d3 g6 6.Nbd2 Bg7 7.e4 O-O 8.Re1 e6
9.c3 a5 10.a4 b6 11.Nf1 dxe4 12.dxe4 Qxd1 13.Rxd1 Ba6 14.Re1 Rac8 15.h3 Nd7
16.Bf4 h6 17.Bd6 Rfd8 18.e5 c4 19.g4 Nc5 20.Bxc5 bxc5 21.Re4 Rb8 22.Rb1 Rd3
23.N1d2 Nxe5 24.Nxe5 Rxd2 25.Nxc4 Rc2 26.Bf1 Rxc3 27.Rd1 Rc2 28.Bd3 Bxc4
29.Bxc2 Bd5 30.Ree1 Rxb2 31.Bd3 Bd4 32.Re2 Rb4 33.Bb5 Rb3 34.Kh2 Bf3 35.Rdd2 Rb1
36.Kg3 Bd5 37.f3 Rf1 38.Rd3 e5 39.Rxe5 Bxe5+ 40.Kg2 Rc1 41.Rxd5 Rc2+ 42.Kf1 Bd4
43.Ke1 Rc3 44.Bc6 Kg7 45.Rd7 Kf6 46.h4 Ra3 47.Ke2 g5 48.hxg5+ hxg5 49.Rd6+ Ke7
50.Rd5 f6 51.Kd1 Ke6 52.Rd8 Ke5 53.Kc2 Kf4 54.Kd2 Be5 55.Ke2 c4 56.Ra8 Ra2+
57.Kd1 c3 58.Rxa5 c2+ 59.Kd2 Bc3+  0-1

[Event "38th Atlantic Open"]
[Site "Washington DC USA"]
[Date "2006.08.27"]
[Round "4"]
[White "Shabalov,A"]
[Black "Rohonyan,K"]
[Result "1/2-1/2"]
[WhiteElo "2604"]
[BlackElo "2333"]

1.e4 c5 2.Na3 d6 3.c3 Nf6 4.g3 g6 5.Bg2 Bg7 6.Ne2 O-O 7.d4 Nbd7 8.O-O Rb8
9.h3 b5 10.g4 b4 11.cxb4 Rxb4 12.Nc2 Rb8 13.Ng3 Qb6 14.dxc5 Nxc5 15.b4 Na4
16.Be3 Qa6 17.Re1 Bd7 18.e5 dxe5 19.g5 Rfd8 20.gxf6 exf6 21.Qf3 f5 22.Bg5 Rdc8
23.Rad1 Be6 24.Bf1 Qb6 25.Rd2 Qc7 26.Ba6 Re8 27.Na3 Rxb4 28.Bb5 Rb8 29.Rc2 Qxc2
30.Nxc2 R4xb5 31.Be7 Rb2 32.Nb4 e4 33.Qa3 Bc3 34.Rd1 Bxb4 35.Bxb4 R2xb4 36.Ne2 a5
37.Nf4 Bxa2 38.Qe3 Bb3 39.Rd7 Nb2 40.Nh5 gxh5 41.Qg5+  1/2-1/2

[Event "10th OIBM"]
[Site "Bad Wiessee GER"]
[Date "2006.11.06"]
[Round "3"]
[White "Heinig,Wo"]
[Black "Shabalov,A"]
[Result "0-1"]
[WhiteElo "2364"]
[BlackElo "2575"]

1.d4 d5 2.c4 e6 3.Nf3 c6 4.g3 f5 5.Bg2 Nf6 6.O-O Bd6 7.b3 Qe7 8.Ne5 O-O 9.Bf4 b6
10.Nd2 Bb7 11.Nd3 Bxf4 12.Nxf4 a5 13.a3 Na6 14.Qc2 Rad8 15.e3 Ne4 16.Nf3 c5
17.cxd5 exd5 18.Rac1 Rf6 19.Qb2 Nc7 20.Rfd1 g5 21.Nd3 Ne6 22.Nfe5 a4 23.f3 Nd6
24.dxc5 bxc5 25.Nxc5 Nxc5 26.Rxc5 axb3 27.f4 gxf4 28.exf4 Nc4 29.Qd4 Nxa3
30.Rxd5 Bxd5 31.Bxd5+ Kf8 32.Nc6 Nc2 33.Qc3 Rc8 34.Kh1 Kg7 35.Rc1 Rxc6 36.Bxc6 Qc7
37.Qxb3 Qxc6+ 38.Kg1 Qc5+ 39.Kh1 Rc6 40.Rd1 Rc7 41.Rd8 Qc4 42.Rd7+ Rxd7  0-1